| 000 | 01286cab a2200241 4500 | ||
|---|---|---|---|
| 001 | A34 | ||
| 008 | 090401t1991 xxu||||| |||| 00| 0 eng d | ||
| 035 | _a(Sirsi) u31814 | ||
| 041 | _aeng | ||
| 100 | _aGrimshaw, David J. | ||
| 245 | _aGeographical information systems as part of the Corporate Information Strategy | ||
| 260 | _c1991 | ||
| 350 | _a0 | ||
| 490 |
_aInternational Journal of Information Management _v11(4) December 1991, 292-297(6) |
||
| 520 | _aIn business applications GIS must be seen as another potential tool. Managers need to see GIS among a range of management support tools, in a way that other information systems might be viewed. The integration of GISS into corporate information systems is vital for gaining the maximum benefit from the information resources of the organisation. The paper explores issues such as: How can GIS be integrated into the information strategy? What are the benefits of such an integration? The paper puts forward a framework for considering GIS within the corporate information strategy. | ||
| 650 | _aCORPORATE INFORMATION STRATEGY | ||
| 690 | _aMANAGEMENT-BUSINESS MANAGEMENT-INFORMATION MANAGEMENT | ||
| 700 | _aMcNally, D. | ||
| 700 | _aMillner, L. | ||
| 700 | _aWilliams, C. | ||
| 942 | _n0 | ||
| 948 | _c04/03/1997 | ||
| 999 |
_c21356 _d21356 |
||